[Event "Ruhrgebiet VK2 1112"]
[Site "Nordrheinwestfalen"]
[Date "2012.04.22"]
[Round "9"]
[White "Dreesbach, Tobias"]
[Black "Riegermann, Ulrich"]
[Result "0-1"]
[WhiteElo "1858"]
[BlackElo "1793"]
[PlyCount "97"]
[EventDate "2012.09.18"]
[EventType "team-tourn"]
[EventRounds "9"]
[EventCountry "GER"]
[SourceTitle "EXT 2020"]
[Source "ChessBase"]
[SourceDate "2019.10.17"]
[SourceVersion "1"]
[SourceVersionDate "2019.10.17"]
[SourceQuality "1"]
[WhiteTeam "Ahlen SV II"]
[BlackTeam "Drewer SG"]
[WhiteTeamCountry "GER"]
[BlackTeamCountry "GER"]

1. e4 e5 2. Nf3 Nf6 3. Nc3 Bb4 4. d3 0-0 5. Be2 d5 6. exd5 Nxd5 7. Bd2 Nxc3 8. bxc3 Bd6 9. 0-0 Nc6 10. Rb1 f5 11. Bg5 Qe8 12. Bc1 Qg6 13. d4 e4 14. Bc4+ Kh8 15. Nh4 Qf6 16. Qh5 Be7 17. g3 Na5 18. Bb3 Nxb3 19. Rxb3 g6 20. Qh6 g5 21. Qxf6+ Bxf6 22. Ng2 b6 23. Ba3 Re8 24. Ne3 c6 25. Bd6 Be6 26. Rb2 Rad8 27. Bb4 a5 28. Ba3 b5 29. Bc5 f4 30. Ng2 Bc4 31. Re1 e3 32. fxe3 f3 33. e4 fxg2 34. Kxg2 Bd5 35. Kf3 Re6 36. c4 Bxc4 37. e5 Be7 38. Bb6 Rf8+ 39. Kg2 Bb4 40. Rg1 g4 41. Rd1 Bc3 42. Rbb1 Bxa2 43. Rbc1 a4 44. Bc5 Rf3 45. Rf1 Bd5 46. Kg1 b4 47. Rb1 a3 48. Bxb4 Bxd4+ 49. Kg2 0-1